| 000 | 00749nas a2200265 4500 | ||
|---|---|---|---|
| 001 | BR9201134 | ||
| 003 | BR-BrBNA | ||
| 005 | 20231205092345.0 | ||
| 007 | ta | ||
| 008 | 230509b bl.|||p| |||| 00| 00por d | ||
| 040 |
_aBR-BrBNA _bpor _cBiblioteca Nacional de Agricultura |
||
| 041 | _a(Pt) | ||
| 072 | _aF01 | ||
| 100 | 1 | _aDutra, S. | |
| 100 | 1 | _aVargas, M.A.T. | |
| 245 | 1 | _aAlfafa do nordeste tem futuro promissor no Distrito Federal | |
| 650 | _aALFAFA | ||
| 650 | _aPASTAGEM | ||
| 650 | _aFERTILIDADE DO SOLO | ||
| 650 | _aMANEJO DO SOLO | ||
| 650 | _aDISTRITO FEDERAL | ||
| 773 | 0 |
_tCerrado (Brazil) _xISSN 0100-0578 _g(Jun 1973), v. 5(20) p. 32-33 _wBR9201134 |
|
| 909 |
_a202311 _bLúcia _c55 _dLúcia Elande |
||
| 942 |
_2AGRIS _n0 _cANA |
||
| 999 |
_c131159 _d131159 |
||